9/ Calendrier de l'Avent - Eliminations Saints de décembre - Statistiques

Statistiques générales
  • Ce quiz a été pris 76 fois
  • Le résultat moyen est 13 sur 20
Statistiques - réponses
Groupe # Catégorie % Correct
Green 37 Saint ou sainte célébré(e) en décembre
100%
Green 27 ... et commençant par une consonne
100%
Green 20 ...mais pas par un F ni un J
99%
Yellow 37 Saint ou sainte célébré(e) en décembre
90%
Yellow 27 ... et commençant par une consonne
90%
Blue 37 Saint ou sainte célébré(e) en décembre
86%
Blue 27 ... et commençant par une consonne
86%
Blue 16 ... homme
86%
Pink 37 Saint ou sainte célébré(e) en décembre
81%
Yellow 8 ... féminin
77%
Green 5 ... avec I en 2e lettre
71%
Blue 5 ... contenant un S
69%
Blue 1 … aimé des enfants Nicolas
67%
Yellow 5 ... avec une voyelle en 2e lettre
49%
Pink 10 ... commence par une voyelle
43%
Pink 6 ... homme
41%
Pink 3 ... terminé par une consonne
24%
Pink 1 ... prénom de pape Urbain
21%
Yellow 1 ... protectrice des professions liées au feu Barbe
16%
Green 1 ... et féminin Bibiane
7%
Aucun quiz correspondant
Distribution des résultats
% des personnes avec chaque résultat
Percentile par nombre de réponses
Votre historique - résultats
Vous n’avez pas pris ce quiz